000 01765nam a2200289Ia 4500
001 F8030
003 IT-RoPAU
008 130308s9999 xx 000 0 und d
040 _aIT-RoPAU
040 _cIT-RoPAU
041 _aITALIANO
100 _aVenturini Anna
100 _gCodice Aut. SPICS: 52645
245 _aNon possiamo più aspettare Godot
245 _bNon possiamo Piu' Aspettare Godot
250 _a1a ed.
260 _aGENOVA
260 _bErga Edizioni
260 _c1997 [1° Ed.:1997 - Ed.Ling.Originale:1997]
300 _a"144 p. (prefazione: no ; testo: 144 [pagine: 0-0])"
500 _aIl Libro Non Discute la Validità Artistica di Beckett, Uno degli Autori Piu' Geniali di Questo Secolo. vuole soltanto Evidenziare che Il Sostenere, Sulla Scena, che dobbiamo Perennemente Aspettare Qualcuno che Arriva, significa in Pratica Uccidere la fiducia in una Vita Diversa: Dall'Introduzione di Roberto Trovato. Aspettando Godot: Stesura e Pubblicazione, Trama e Tematiche Fondamentali del testo , Personaggi e Interpretazioni. Il Latte e Il Sangue di Dario Martini Come Risposta a Beckett e al Teatro di Chi Nega la Speranza: Stesura e Pubblicazione, Trama e Tematiche Fondamentali del testo ,Scelta dei Personaggi: Caratterizzazione e Funzione Simbolica, Casa e circo Luogo dell'Azione, Linguaggio: Espressioni Verbali e Non Verbali, Silenzipause e Didascalie, varianti Alla Prima Stesura. Godot, I clown e Il vecchio De L'Uovo e le Mine, Echi De Il Latte e Il Sangue in Altri Testi di Dario Martini. Bibliografia Generale dei Testi Consultati. testo del dramma inedito di Dario G. Martini: L'Uovo e le Mine.
650 _aSAGGI DI TEATRO
650 _eCodice materia Spics: 8411
942 _cBK
957 _71
999 _c95245
_d95245
999 _g1